Регионална библиотека "Любен Каравелов" - Русе

Viera da Silva (Запис номер 208472)

MARC детайли
000 -Лидер
Контролно поле с фиксирана дължина 01437nkm a2200385 c 4500
003 - Код на организацията, давaща контролен номер
Контролно поле BLK
005 - Дата и час на последна редакция
Контролно поле 20200428131835.0
008 - Елементи от данни с фиксирана дължина
fixed length control field 180412b bul rap|r|||| r0| ||bulo|
010 ## - Наследен системен номер
LC control number KNG00042198000
020 ## - Международен стандартен номер на книга ISBN
Международен стандартен номер на книга ISBN 2-7291-0119-5
040 ## - Източник на каталожния запис
Идентификатор на билиотеката - собственик на записа BLK
041 ## - Код за език
Код за езика на текст/звукозапис или на отделно заглавие Френски
Код за езика КДБФ Френски
080 ## - УДК
Текстов определител УДК Живопис - художници
УДК код - определител по УДК 75.071.1
УДК определител (460)(092)
УДК - код + определител 75.071.1(460)(092)
080 ## - УДК
Текстов определител УДК Френска художничка абстракционист(1908-1992|
УДК код - определител по УДК 929 Виера да Силва, Мария Хелена
УДК - код + определител 929 Виера да Силва, Мария Хелена
100 1# - Редна дума - Автор
Автор Butor, Michel
Авторска отговорност първи автор
R(LIN) 6556
139 ## - Редно поле
Редна дума Butor, Michel
Авторски знак Вид - В 57
Filing suffix V 61
Feature heading В 57 М
245 10 - Сведения за заглавието
Заглавие Viera da Silva
Подзаглавни данни Peintures
Редно поле (дума) Michel Butor; Maria Helena Viera da Silva.; Мария Хелена Виера да Силва,
257 ## - Страна на издаване
Страна на създаване/издаване Франция
260 ## - Област на издателските данни
Име на издателя, разпространителя и проч. L'Autre Musee
Година на издаване 1983
300 ## - Физическа характеристика
Страници 80 c
Илюстрации и др. с ил.
Размери/Мащаб 16 см
380 ## - Жанр
Жанр Изкуство
600 14 - Име на лице, използвано като предмет
За него / За нея Виера да Силва, Мария Хелена
9 (RLIN) 224278
600 14 - Име на лице, използвано като предмет
За него / За нея Viera da Silva, Maria Helena
9 (RLIN) 27328
650 #4 - Допълнително описание по предмет – тема
Основно описание – тема или топоним Художници, френски - албуми
9 (RLIN) 253572
651 #4 - Допълнително описание по предмет - топоним
Географско понятие Франция
9 (RLIN) 179722
651 #4 - Допълнително описание по предмет - топоним
Географско понятие Португалия
9 (RLIN) 270360
653 ## - Ключова дума – ненормативна
Ключова дума художници
653 ## - Ключова дума – ненормативна
Ключова дума абстракционизъм
653 ## - Ключова дума – ненормативна
Ключова дума сюрреализъм
700 1# - Други автори (авторска отговорност)
Лично име Viera da Silva, Maria Helena
9 (RLIN) 27328
700 1# - Други автори (авторска отговорност)
Лично име Виера да Силва, Мария Хелена
9 (RLIN) 224278
852 ## - Местоположение
Форматна сигнатура Цб Гр А І 1093
856 4# - Електронен адрес и достъп
Електронен формат pdf - файл
Път до файла /url/
856 4# - Електронен адрес и достъп
Електронен формат pdf - файл
Път до файла /url/
999 ## - СИСТЕМНИ КОНТРОЛНИ НОМЕРА
Koha biblionumber 208472
Koha biblioitemnumber 208472
942 ## - АРТИКУЛИ
Вид на библиотечния материал Графични издания
Скрит в OPAC Не
Koha issues (borrowed), all copies 2
Периодичен библиозапис Да
944 ## - СЪЗДАВАНЕ И РЕДАКЦИЯ на ЗАПИСА
Създаване/Редакция Създаване
Дата на регистрацията/редакция 15.01.2003
Служител, извършил регистрацията/редакцията AB_DOS
944 ## - СЪЗДАВАНЕ И РЕДАКЦИЯ на ЗАПИСА
Създаване/Редакция Редакция
Дата на регистрацията/редакция 11.02.2015
Служител, извършил регистрацията/редакцията Ирена_Линкова
999 ## - СИСТЕМНИ КОНТРОЛНИ НОМЕРА
Koha biblioitemnumber 208472
999 ## - СИСТЕМНИ КОНТРОЛНИ НОМЕРА
Koha biblioitemnumber 208472
Наличности
Код за отписване Код за изгубен артикул Източник на класификационната схема Код за повреда Коз за рестрикции Код за отдаване Артикулен № Име на библиотеката - собственик Име на библиотеката, в която се намира в момента Статус (Текущо местоположение) Дата на вписване в системата Местоположение - отдел Цена в лева Инвентарен номер Систематично азбучна сигнатура Баркод Номер на екземпляра Цена в евро Служебна бележка Служебен тип на артикула
  Не е изгубен Universal Decimal Classification Не е повреден без рестрикции заемане за дома 359564 Регионална библиотека "Любен Каравелов" Русе Регионална библиотека "Любен Каравелов" Русе Отдел Изкуство - подръчен фонд 2001-01-01 Отдел Изкуство - подръчен фонд 234.46 595269 75(092)/ В 57 М 120000595269 1 119.88 Дата инв: 04.06.2015 Бележки инв: ГрИ2015 Графични издания
Vip Innovations Ltd, Rousse, Bulgaria 2025